World Capitals that end in 'ON' - Statistics

General Stats
  • This quiz has been taken 526 times
  • The average score is 4 of 6
Answer Stats
Capital City % Correct
{Washington}, D.C
99%
London
85%
Lisbon
68%
Wellington
67%
Kingston
46%
Asunción
34%
No matching quizzes found
Score Distribution
Percent of People with Each Score
Percentile by Number Answered
Your Score History
You have not taken this quiz